000 00479cam a2200145 4500500
005 20260322005423.0
041 _afre
042 _adc
100 1 0 _aSibony, Judith
_eauthor
245 0 0 _aLydie Salvayre, rock’n’roll et guerrière
260 _c2023.
500 _a76
786 0 _nRevue des deux Mondes | Octobre | 7 | 2023-10-01 | p. 105-109 | 2266-4734
856 4 1 _uhttps://shs.cairn.info/revue-revue-des-deux-mondes-2023-7-page-105?lang=fr&redirect-ssocas=7080
999 _c1748378
_d1748378